|
|
|
|
| LEADER |
01592nam a22003257a 4500 |
| 001 |
40468 |
| 003 |
BD-DhAAL |
| 008 |
230312t2018 bg ||||| |||| 00| 0 ben d |
| 020 |
|
|
|a 9789849334422
|
| 040 |
|
|
|a BD-DhAAL
|c BD-DhAAL
|
| 041 |
|
|
|a ben
|
| 082 |
|
|
|a 954.9204092
|
| 245 |
|
|
|a কাজী জাফর আহমদ স্মারক গ্রন্থ /
|c সম্পাদক, মোস্তফা জামাল হায়দার ... [et al.].
|
| 246 |
|
|
|a Kazi Zafar Ahmed sharok grantho
|
| 260 |
|
|
|a ঢাকা :
|b অমর প্রকাশনী,
|c ২০১৮.
|
| 300 |
|
|
|a ২৫১ পৃষ্ঠা ;
|c ২৩ সে.মি.
|
| 600 |
|
|
|a Ahmed, Kazi Zafar
|x Political activity.
|9 53829
|
| 650 |
|
|
|a Politicians
|z Bangladesh
|v Biography.
|
| 651 |
|
|
|a Bangladesh
|x Politics and government
|y 1971.
|
| 700 |
|
|
|a হায়দার, মোস্তফা জামাল
|9 53739
|
| 700 |
|
|
|a সফিউল্লাহ, সৈয়দ
|9 53830
|
| 700 |
|
|
|a আহমদ, জসীম উদ্দিন
|9 53831
|
| 700 |
|
|
|a সালু, আতিকুর রহমান
|9 53832
|
| 700 |
|
|
|a চৌধুরী, আনিসুজ্জামান
|9 53833
|
| 700 |
|
|
|a সিরাজ, কাজী
|9 42308
|
| 700 |
|
|
|a হুদা, কামরুল
|9 53834
|
| 852 |
|
|
|a Ayesha Abed Library
|c Akbar Ali Khan Collection
|
| 942 |
|
|
|2 ddc
|c BK
|
| 999 |
|
|
|c 45580
|d 45580
|
| 952 |
|
|
|0 0
|1 0
|2 ddc
|4 0
|6 954_920409200000000_KAZ
|7 1
|9 73358
|a BRACUL
|b BRACUL
|c AAKC
|d 2023-03-12
|e Donated By Akbar Ali Khan
|g 600.00
|l 0
|o 954.9204092 KAZ
|p 3010040468
|r 2023-03-12
|t 1
|w 2023-03-12
|y BK
|